000 00201nam a22000857a 4500
001 1236067
005 20251001123915.0
245 _aEYVAH KİTAP
_cMİNE SOYSAL
260 _bGÜNIŞIĞI KİTAPLIĞI YAYINLARI
999 _c1236067
_d1236067